000 00436nam a2200193Ia 4500
005 20240823022557.0
008 240823s9999||||xx |||||||||||||| ||und||
020 _a81-203-2848-5
041 _aENGLISH
082 _A691 P6
100 _aVarghese P C
245 0 _aBuilding Materials
250 _a1st
260 _c2006
_b"PHI,New "
_aNew Delhi
500 _aYES
650 _aBuilding
_bCivil
942 _cBK
999 _c179501
_d179501